000 00766nam a2200205Ii 4500
003 JO-AjNU
008 230605s9999||||xx |||||||||||||| ||und||
040 _aJO-AjNU
_bara
_erda
_cJO-AjNU
041 _aara
050 1 4 _aHG4026.A4464 2008
100 3 _aعباس، علي,
_eauthor
_933230
245 0 0 _aالادارة المالية= Financial Management
250 _aط1
264 3 1 _aالشارقة، عمان: مكتبة الجامعة، اثراء للنشر والتوزيع، 2008
300 _a392ص
_bيحتوي على ببلوغرافية وملاحق بمصطلحات من 353-392ص
336 _atext
_btxt
_2rdacontent
337 _aunmediated
_bn
_2rdamedia
338 _avolume
_bnc
_2rdacarrier
650 4 _aالادارة المالية
_933231
999 _aA13503
_c17071
_d17071